| 000 | 00462nam a2200133 4500 | ||
|---|---|---|---|
| 005 | 20260227113418.0 | ||
| 008 | 260227b |||||||| |||| 00| 0 eng d | ||
| 100 | _aBorradaile A. L Potts A. F, Eastham S. E. L, Saunders T. J | ||
| 245 |
_aThe Invertebrata: A Manual for the use of students _c/L. A. Borradaile |
||
| 250 | _a3th Edition | ||
| 260 |
_aLondon; _bThe syndics of the cambridge university; _c1958 |
||
| 300 |
_axvii, 795p. ill; _c22.6cm |
||
| 942 |
_2lcc _n0 _cBK |
||
| 999 |
_c184 _d184 |
||